[Event "Khanty-Mansiysk FIDE GP (Women)"]
[Site "Khanty-Mansiysk"]
[Date "2014.04.11"]
[Round "3"]
[White "Zhao, Xue"]
[Black "Stefanova, Antoaneta"]
[Result "1-0"]
[WhiteElo "2552"]
[BlackElo "2489"]
[Annotator "Ramirez Alvarez,A"]
[PlyCount "147"]
[EventDate "2014.04.09"]
[EventType "tourn"]
[EventRounds "11"]
[EventCountry "RUS"]
[EventCategory "10"]
[SourceTitle "CBM 160"]
[Source "ChessBase"]
[SourceDate "2014.05.15"]
[SourceVersion "1"]
[SourceVersionDate "2014.05.15"]
[SourceQuality "1"]
[TimeControl "40/5400+30:1800+30"]
[WhiteClock "1:30:00"]
[BlackClock "1:30:00"]

1. d4 {[%emt 0:00:00]} d5 {[%emt 0:00:00]} 2. c4 {[%emt 0:00:00]} c6 {[%emt 0:
00:00]} 3. Nf3 {[%emt 0:00:00]} Nf6 {[%emt 0:00:00]} 4. Qb3 {[%emt 0:00:22]} e6
{[%emt 0:12:56]} 5. Bg5 {[%emt 0:00:22]} dxc4 {[%emt 0:02:39]} 6. Qxc4 {
[%emt 0:00:56]} b5 {[%emt 0:00:04]} 7. Qc2 {[%emt 0:01:23]} Bb7 {[%emt 0:00:45]
} 8. e4 {[%emt 0:09:39]} Nbd7 {[%emt 0:03:32]} 9. Nbd2 {[%emt 0:02:25]} Qb6 {
[%emt 0:05:28]} (9... Rc8 10. Bd3 Qb6 11. a4 a6 12. axb5 cxb5 13. Qb1 h6 14.
Be3 Ng4 15. e5 Bb4 16. O-O O-O 17. Ne4 f5 18. exf6 Ndxf6 19. Ne5 Nxe4 20. Bxe4
Nxe5 21. dxe5 Bc5 22. Bxb7 Qxb7 23. Qg6 Qf7 24. Qxf7+ Rxf7 25. Rxa6 Bxe3 26.
fxe3 Rxf1+ 27. Kxf1 Kf7 28. Rd6 Rc2 29. b4 Rb2 30. Rd4 g5 31. h4 Kg6 32. hxg5
Kxg5 33. Rf4 h5 34. Rf6 Rxb4 35. Rxe6 {1/2-1/2 (35) Xiu,D (2571)-Ding,L (2717)
Xinghua 2014}) 10. a4 {[%emt 0:01:56]} a6 {[%emt 0:00:23]} 11. Be2 {[%emt 0:02:
16]} c5 {[%emt 0:03:15]} 12. axb5 {[%emt 0:00:23]} axb5 {[%emt 0:00:11]} 13.
Rxa8+ {[%emt 0:00:20]} Bxa8 {[%emt 0:00:01]} 14. O-O {[%emt 0:00:37]} h6 {
[%emt 0:30:20]} 15. Bh4 {[%emt 0:04:11]} g5 $146 {[%emt 0:08:20]} (15... Be7
16. dxc5 Bxc5 17. b4 Bxb4 18. e5 g5 19. exf6 gxh4 20. Bxb5 Qb7 21. Rb1 Bd6 22.
Qa4 {1-0 (22) Ibrahimov,R (2537)-Melnikova,Y (2264) Dubai 2009}) 16. Bg3 {
[%emt 0:00:15]} Bb7 {[%emt 0:09:19]} 17. Rc1 {[%emt 0:14:02]} Be7 {[%emt 0:00:
27]} 18. h4 {[%emt 0:14:48]} Nh5 {[%emt 0:06:53]} 19. Bh2 {[%emt 0:05:02]} Nf4
{[%emt 0:00:52]} 20. Bf1 {[%emt 0:02:24]} Ng6 {[%emt 0:06:19]} 21. dxc5 {
[%emt 0:03:49]} Nxc5 {[%emt 0:00:07]} 22. h5 {[%emt 0:07:53]} Nf4 {[%emt 0:00:
22]} 23. Qc3 $14 {[%emt 0:04:29][%csl Gc3,Rh8] A very strange game. Zhao Xue
manage to get an advantage from the opening by stifling her opponent's
counterplay and retaining her positional advantages, but her play afterwards
allowed Stefanova to activate her pieces powerfully. The Bulgarian missed a
precise continuation that might even have started to swing the game in her
favor, but instead she lost a pawn and ended up in a difficult endgame.
Eventually this difficult endgame turned hopeless as Zhao Xue slowly but
surely converted her extra pawn... only to blunder her advantage again!
Stefanova reached a book drawn rook endgame, but she blundered majorly missing
the following:} O-O {[%emt 0:02:01]} 24. Qe3 {[%emt 0:00:13]} Bd6 {[%emt 0:01:
45]} (24... Nxh5 25. b4 Na4 26. Qxb6 Nxb6 27. Rc7) 25. Nd4 {[%emt 0:02:16]} Nd7
{[%emt 0:02:27]} 26. Bxb5 {[%emt 0:05:44]} e5 {[%emt 0:00:04]} 27. Nc4 {
[%emt 0:03:08]} exd4 {[%emt 0:01:04]} 28. Nxb6 {[%emt 0:00:05]} dxe3 {[%emt 0:
00:03]} 29. Nxd7 {[%emt 0:00:11]} exf2+ {[%emt 0:01:47]} 30. Kxf2 {[%emt 0:00:
05]} Ra8 {[%emt 0:01:33]} 31. Rc3 {[%emt 0:09:16]} Kg7 {[%emt 0:00:52]} 32. e5
{[%emt 0:01:16]} Be7 {[%emt 0:01:01]} 33. Rc7 {[%emt 0:00:45]} Be4 {[%emt 0:00:
25]} 34. Bxf4 {[%emt 0:02:27]} gxf4 {[%emt 0:00:06]} 35. Bc6 {[%emt 0:00:06]}
Bxc6 {[%emt 0:00:52]} 36. Rxc6 {[%emt 0:00:03]} Ra5 {[%emt 0:00:51]} 37. Kf3 {
[%emt 0:00:51]} Rb5 {[%emt 0:00:38]} 38. Rb6 {[%emt 0:02:02]} Rd5 {[%emt 0:00:
37]} 39. Rb7 {[%emt 0:00:06]} Bg5 {[%emt 0:00:35]} 40. Ke2 {[%emt 0:00:00]} Rd4
{[%emt 0:00:00]} 41. Nc5 {[%emt 0:01:58]} Rc4 {[%emt 0:12:02]} 42. b4 {[%emt 0:
06:52]} Rc2+ {[%emt 0:01:04]} 43. Kf3 {[%emt 0:00:16]} Rc3+ {[%emt 0:02:09]}
44. Ke4 {[%emt 0:01:48]} Rg3 {[%emt 0:06:42]} 45. e6 {[%emt 0:06:08]} Rxg2 {
[%emt 0:00:12]} 46. b5 {[%emt 0:06:01]} Kf8 {[%emt 0:03:34]} 47. Rxf7+ {
[%emt 0:00:34]} Ke8 {[%emt 0:00:06]} 48. b6 {[%emt 0:00:11]} Rb2 {[%emt 0:00:
34]} 49. b7 {[%emt 0:05:43]} Be7 {[%emt 0:02:17]} 50. Kd5 {[%emt 0:00:03]} f3 {
[%emt 0:02:56]} 51. Ne4 {[%emt 0:05:27]} Rb6 {[%emt 0:02:56]} 52. Nc5 {[%emt 0:
03:35]} f2 {[%emt 0:01:06]} 53. Rxf2 {[%emt 0:00:46]} Bxc5 {[%emt 0:00:10]} 54.
Kxc5 {[%emt 0:00:02]} Rxb7 {[%emt 0:00:05]} 55. Rf6 {[%emt 0:00:13]} Rb1 {
[%emt 0:01:07]} 56. Rxh6 {[%emt 0:00:14]} Ke7 {[%emt 0:00:29]} 57. Rg6 {
[%emt 0:00:04]} Rh1 {[%emt 0:01:25]} 58. Rh6 {[%emt 0:01:38]} Rc1+ {[%emt 0:00:
32]} 59. Kd5 {[%emt 0:00:04]} Rd1+ {[%emt 0:00:18]} 60. Ke5 {[%emt 0:00:05]}
Re1+ {[%emt 0:00:07]} 61. Kf5 {[%emt 0:00:04]} Rf1+ {[%emt 0:00:31]} 62. Kg6 {
[%emt 0:00:13]} Kxe6 {[%emt 0:00:23]} 63. Kg7+ {[%emt 0:00:43]} Ke7 {[%emt 0:
00:05]} 64. Ra6 {[%emt 0:02:07]} Rf7+ {[%emt 0:01:30]} 65. Kg6 {[%emt 0:00:06]}
Rf1 {[%emt 0:00:05]} 66. Ra7+ {[%emt 0:00:17]} Kf8 $4 {[%emt 0:00:15]} (66...
Ke6 $1 {is a draw, as I'm sure Karsten Muller would be delighted to show in
his Endgame Magic show on playchess.com}) 67. Ra8+ $1 {[%emt 0:00:09]} Ke7 {
[%emt 0:00:02]} 68. h6 {[%emt 0:00:06]} Rg1+ {[%emt 0:00:24]} 69. Kf5 $1 {
[%emt 0:00:06] Stefanova must have forgotten that now White's pawn does not
need the help of the king to advance, as Black's awkward king position does
the job for her.} Rf1+ {[%emt 0:00:20]} 70. Ke5 {[%emt 0:00:07]} (70. Ke4 $4
Rf8 $11) 70... Re1+ 71. Kd4 Rd1+ 72. Ke3 Re1+ 73. Kd2 Rh1 74. h7 {and Black
cannot stop the pawn, unless she sacrifices a whole rook. Tragic, truly.} 1-0

[Event "Olympiad-37"]
[Site "Turin"]
[Date "2006.05.24"]
[Round "4"]
[White "Istratescu, Andrei"]
[Black "Liiva, Riho"]
[Result "1-0"]
[WhiteElo "2621"]
[BlackElo "2411"]
[Annotator "Reeh,O"]
[PlyCount "85"]
[EventDate "2006.05.21"]
[EventType "team-swiss"]
[EventRounds "13"]
[EventCountry "ITA"]
[SourceTitle "CBM 113"]
[Source "ChessBase"]
[SourceDate "2006.07.31"]
[SourceVersion "1"]
[SourceVersionDate "2006.07.31"]
[SourceQuality "1"]
[WhiteTeam "Romania"]
[BlackTeam "Estonia"]
[WhiteTeamCountry "ROU"]
[BlackTeamCountry "EST"]

1. d4 d5 2. c4 c6 3. Nf3 e6 4. Qc2 Nf6 5. g3 Na6 6. a3 c5 7. cxd5 Nxd5 8. e4
Nf6 9. dxc5 Nxc5 10. Nc3 Bd7 11. Bg5 Rc8 12. Rd1 {Sacrificing the pawn on e4
for a long term initiative. Opfert den Bauern e4 für eine langfristige
Initiative.} Ncxe4 13. Bxf6 Nxf6 14. Ne5 Qa5 15. Nxd7 Nxd7 16. Qd2 Qe5+ $6 ({
Worth considering was Sehr in Betracht kam} 16... Ne5 {, with the idea mit der
Idee} 17. Bb5+ $2 Qxb5 $1 18. Nxb5 Nf3+) 17. Be2 Nf6 18. O-O Be7 19. Bb5+ Kf8
20. Rfe1 Qb8 21. Ne4 Nd5 22. Ba4 h5 23. h4 Rd8 24. Bb3 Kg8 25. Qa5 b6 26. Qb5
g6 27. Bxd5 exd5 28. Rxd5 Kg7 29. Rd7 Rhe8 30. Re3 Kf8 31. Rf3 Rxd7 32. Qxd7
Qd8 $4 {It's natural that Black wants to refrain from the 'loosening' f7-f5,
yet this was definitely called for. The queen move serves White the game on a
silver tray. Es ist verständlich, dass Schwarz vor dem 'lockernden' f7-f5
zurückscheut, doch war dies unumgänglich. Der Damenzug serviert Weiß die
Partie auf einem Silbertablett.} (32... f5 $1 33. Ng5 Bxg5 34. hxg5 Re7) {
[%tqu "En","The move 32...Qd8 presented White with a golden opportunity. Which
one?","If White could get rid of the pawn on f7 and get the knight to g5 with
check, the weakness of the square e6 would be decisive.","Too much help
doesn't help.","f3f7","Winning the queen or checkmating the black king.",10,
"De","Der Zug 32...Dd8 bot Weiß eine goldene Möglichkeit. Welche?","Falls Weiß
den Bauern f7 beseitigen könnte und den Springer mit Schach nach g5 bekäme,
würde sich die Schwäche des Feldes e6 als entscheidend erweisen.","Zu viel
Hilfe ist auch nicht gut.","f3f7","Gewinnt die Dame oder führt zum Matt.",10]}
33. Rxf7+ $1 {The decisive weakening of the square e6. Schwächt entscheidend
das Feld e6.} ({A classical self-goal would be Ein klassisches Eigentor wäre} 
33. Qe6 $4 Qd1+ 34. Kg2 Qxf3+ $1 35. Kxf3 fxe6 $19) 33... Kxf7 ({After Nach} 
33... Kg8 {ist} 34. Qe6 $1 {is absolutely killing. absolut tödlich.}) 34. Ng5+
{Note that the black bishop is pinned and can't take the knight. Der Läufer e7
ist ja gefesselt und kann den Springer nicht schlagen.} Kf8 {There are no
better alternatives. Es gibt keine besseren Alternativen.} (34... Kf6 35. Qe6+
Kg7 36. Qf7+ Kh8 37. Qh7#) (34... Kg8 35. Qe6+) 35. Ne6+ Kf7 36. Nxd8+ Rxd8 37.
Qxa7 Rd6 38. b4 Ke6 39. Qb7 Bf6 40. Qe4+ Kf7 41. Kg2 Bd8 42. a4 Kf6 43. f4 1-0

[Event "EU-Cup 18th"]
[Site "Kallithea"]
[Date "2002.09.23"]
[Round "2.4"]
[White "Poldauf, Dirk"]
[Black "Roiz, Michael"]
[Result "0-1"]
[WhiteElo "2410"]
[BlackElo "2507"]
[Annotator "Ribli,Z"]
[PlyCount "82"]
[EventDate "2002.09.22"]
[EventType "team-swiss"]
[EventRounds "7"]
[EventCountry "GRE"]
[SourceTitle "CBM 092"]
[Source "ChessBase"]
[SourceDate "2003.02.06"]
[SourceVersion "1"]
[SourceVersionDate "2003.02.06"]
[SourceQuality "1"]
[WhiteTeam "Berlin SF"]
[BlackTeam "Beer Sheva"]
[WhiteTeamCountry "GER"]
[BlackTeamCountry "ISR"]

1. c4 e6 2. g3 d5 3. Bg2 Nf6 (3... dxc4 {Statt der Partiefortsetzung kommt
dieser Zug stark in Betracht - Schwarz kann das Tempo, das Weiss braucht, um
den Bauern zurückzuholen, für seine Entwicklung am Damenfluegel benutzen.}) 4.
Nf3 dxc4 5. Qa4+ c6 {Der Springerzug wird haufiger gespielt, als die
Textfortsetzung.} (5... Nbd7) 6. Qxc4 b5 7. Qb3 (7. Qc2 Bb7 8. Nc3 (8. a4))
7... Bb7 8. O-O Nbd7 {Schwarz hat einfaches Spiel - er moechte die Entwicklung
beenden und dann c6-c5 spielen.} (8... Be7 9. a4 a6 10. d4 Nbd7 11. Nc3 O-O 12.
Bg5 b4 13. Nd1 c5 14. Ne3 Nd5 15. Bxe7 Qxe7 16. Nc4 Rac8 17. Nfe5 {1-0
Kortschnoj,V-Rabiega,R/Austria 1996/CBM 52 ext (40)}) 9. d4 {Mit diesem Zug
bekommt Weiss zeitweiligen Raumvorteil, aber seine Dame steht nicht besonders
gut auf b3.} (9. Nc3 a6 10. d3 Be7 11. Bf4 Rc8 12. Rfc1 O-O $11 13. h3 $6 (13.
Ne5 Nxe5 14. Bxe5 $11) 13... c5 14. a4 c4 $1 {0-1 Ionescu,C-Grischuk,A/
Istanbul 2000/EXT 2001/[Ribli] (40)}) 9... a6 (9... Be7 10. Nc3 a6 11. Bg5 c5
12. Bxf6 Bxf6 13. dxc5 Nxc5 14. Qb4 Qe7 15. Rac1 Nd7 16. Qf4 O-O 17. Qc7 Nc5
18. Nxb5 axb5 19. Rxc5 Qxc7 20. Rxc7 Bxf3 21. Bxf3 Rxa2 22. Rb1 Rxb2 {1/2-1/2
Van der Sterren,P-Dautov,R/Germany 2001/CBM 82 ext (22)}) 10. a4 c5 $1 {
Das ist ein typisches Motiv in solchen Stellungen.} 11. axb5 Bd5 12. Qc2 (12.
Qd1 axb5 13. Rxa8 Qxa8 14. Nc3 Bc6 15. Nh4 Bxg2 16. Nxg2 b4 17. Nb5 Qc6 18. Qa4
Be7 19. dxc5 O-O 20. Be3 Bxc5 {0-1 Papaioannou,I-Adams,M/Leon 2001/CBM 86 no
vc (43)}) 12... axb5 (12... Be4 13. Qd1 (13. Qb3 Bd5 14. Qc2 Be4 15. Qb3 {
1/2-1/2 Vega Holm,F-Campos Moreno,J/Cala Galdana 2001/CBM 84 ext (15)}) 13...
axb5 $11 14. Rxa8 Qxa8 15. Bg5 cxd4 16. Bxf6 Nxf6 17. Qxd4 Be7 18. Qb6 Qb7 19.
Qxb7 Bxb7 20. Nd4 Bxg2 21. Kxg2 b4 22. Nd2 Kd7 23. Nc4 Rd8 24. Ra1 $14 {
0-1 King,D-Adams,M/London 2000/CBM 76/[Rowson] (100)}) 13. Rxa8 Qxa8 $11 {
[%cal Ga8g2] Schwarz hat bequemes Spiel - er hat keine Schwächen und
kontrolliert die grosse Diagonale h1<->a8.} 14. Nc3 Bc6 15. e4 $2 {[%mdl 16384]
Das ist eine sehr agressive Fortsetzung, die mir nicht gefällt. Weiss ist
nicht zufrieden mit dem Gleichgewicht und opfert einen Bauern. Dafür bekommt
er zwar einiges Spiel, aber doch zu wenig.} (15. dxc5 Bxc5 $11) 15... Nxe4 {
Natuerlich Schwarz muss den Bauern nehmen.} (15... Be7 $6 16. Re1 $14) 16. Ne5
Nxe5 17. Nxe4 (17. dxe5 Nxc3 $17) 17... Nd7 (17... cxd4 $5) 18. Re1 (18. dxc5
Nxc5 $17 (18... f5 19. Qb3 (19. Ng5 Bxg2 20. Nxe6 Qe4 $19) 19... fxe4 20. Qxe6+
Be7 21. Bg5 Nf6 $17)) 18... c4 {Schwarz muss die Stellung geschlossen halten.}
(18... cxd4 $2 19. Nf6+ gxf6 20. Bxc6 $40) 19. Bf4 Bb4 $1 (19... Be7 $17) 20.
Re2 (20. Nd6+ $2 Bxd6 $19) 20... O-O {Schwarz hat einen klaren Mehrbauern,
Weiss hat keine Kompensation.} 21. Ng5 (21. b3 f5 $19) 21... g6 {Alles ist in
der schwarze Stellung verteidigt .} (21... Nf6 22. Bxc6 Qxc6 23. Be5 Ra8 24.
Qb1 h6 25. Bxf6 hxg5 26. Bxg5 $15) 22. Be4 {Weiss hat viele Figuren am
Koenigsfluegel, aber droht nichts.} Nf6 (22... Bxe4 $17) 23. Bxc6 Qxc6 $17 {
Schwarz hat nicht nur einen Bauern mehr, sondern auch das bessere Figurenspiel.
} 24. Be5 Be7 (24... Nd7 $17) (24... Nd5 $17) 25. Qc1 {[%cal Gc1f4]} Nd5 (25...
Ra8 $1) 26. Ne4 Ra8 {[%csl Ga8][%cal Ga8a1]} 27. Re1 f6 {Nach diesem Zug muss
die einzige weisse Figur zurueckgehen.} 28. Bf4 Nb4 {[%csl Gb4][%cal Rb4d3,
Rd3c1,Rd3e1]} 29. Qe3 Nc2 {[%cal Rc2e3,Rc2e1]} 30. Qf3 {[%cal Gf3c6]} Nxd4 (
30... Nxe1 $4 31. Nxf6+ $18) 31. Nxf6+ Bxf6 32. Qxc6 Nxc6 33. Rxe6 {[%cal
Re6c6,Re6f6] Weiss gewinnt zwar die Figur zurueck, aber das Endspiel ist
verloren.} Bxb2 $19 {[%csl Gb5,Gc4][%mdl 4096] Mit zwei verbundenen Bauern
Schwarz muss gewinnen.} 34. Rxc6 Bd4 $1 {Schwarz muss sich nicht beeilen -
zuerst zentralisiert er den Läufer und spaeter kann er dann mit den Bauern am
Damenfluegel druecken.} (34... c3 35. Be5 b4 36. Rc7) 35. Rd6 Bc5 36. Rc6 Bf8 {
Endlich der Läufer befindet sich in einer sicheren Position. Die schwarzen
Freibauern am Damenfluegel entscheiden die Partie.} 37. Rb6 b4 38. Kg2 b3 39.
Kf3 Bg7 40. Ke4 b2 41. Rb7 Re8+ (41... c3 42. Kd3) (41... Re8+ 42. Kf3 c3 $19)
0-1

[Event "Corus"]
[Site "Wijk aan Zee"]
[Date "2005.01.22"]
[Round "7"]
[White "Bruzon Batista, Lazaro"]
[Black "Anand, Viswanathan"]
[Result "0-1"]
[WhiteElo "2652"]
[BlackElo "2786"]
[Annotator "Ribli,Z"]
[PlyCount "88"]
[EventDate "2005.01.15"]
[EventType "tourn"]
[EventRounds "13"]
[EventCountry "NED"]
[EventCategory "19"]
[SourceTitle "CBM 105"]
[Source "ChessBase"]
[SourceDate "2005.04.11"]
[SourceVersion "1"]
[SourceVersionDate "2005.04.11"]
[SourceQuality "1"]

1. Nf3 Nf6 2. c4 e6 3. g3 d5 4. Bg2 dxc4 5. Qa4+ c6 {Diese Spielweise ist sehr
populär in der letzten Zeit - Schwarz möchte im Ffolgenden b7-b5, Bb7 spielen
und mit Nbd7 die Entwicklung des Damenflügels beenden. Die traditionelle
Alternative ist 5...Nbd7.} 6. Qxc4 b5 7. Qc2 Bb7 8. d4 (8. a4 a6 (8... Na6 9.
Nc3 $5 (9. O-O Nb4 10. Qd1 a6 11. Nc3 Be7 12. d3 O-O 13. Bd2 Qb6 14. Ng5 c5 {
1/2-1/2 Chernin,A-Razuvaev,Y/Tilburg 1994/CBM 44 (48)}) 9... Nb4 10. Qb1 Be7
11. O-O a6 12. d4 O-O 13. Bg5 Rc8 14. e3 Qb6 15. Ne4 $1 Rfe8 16. Bxf6 gxf6 17.
Rc1 a5 18. Nc5 Na6 19. Nxb7 Qxb7 20. axb5 Qxb5 21. Bf1 Qb6 22. Nd2 $16 {
1/2-1/2 Saric,A-Pavasovic,D/Zadar 2004 (70)}) 9. axb5 cxb5 $5 (9... axb5) 10.
O-O Be7 11. d4 O-O 12. Bg5 Nc6 13. e3 Rc8 14. Qe2 Nb4 15. Nc3 h6 16. Bxf6 Bxf6
17. Rfd1 Qb6 {1/2-1/2 Rotstein,A-Gyimesi,Z/Graz 2004 (28)}) 8... Nbd7 9. a4 (9.
Ne5 Nxe5 10. dxe5 Nd5 $1 11. O-O Be7 $1 12. Rd1 Qb8 $1 13. Nc3 O-O 14. Nxd5
cxd5 15. e4 Rc8 16. Qe2 dxe4 17. Bxe4 Bxe4 18. Qxe4 Rc4 $1 19. Qf3 Qe8 $1 20.
Be3 Rc7 $1 {[/\ Rac8]. 1/2-1/2 Volzhin,A-Ibragimov,I/Russia (ch) 82/423 2001/
[Volzhin,A] (20)}) 9... c5 $1 $11 {[%mdl 4] Schwarz beschäftigt sich nicht mit
dem b5-Bauern, er öffnet die Diagonale des b7-Läufers.} 10. O-O (10. dxc5 b4
11. O-O Bxc5 $15) (10. axb5 cxd4 11. O-O e5 $13) 10... b4 11. Bg5 Rc8 12. Nbd2
Be7 13. Rfc1 (13. dxc5 Nxc5 14. Rfd1 O-O 15. Nb3 Bd5 16. Nxc5 Bxc5 17. Qd3 h6
18. Be3 $11) 13... O-O {Schwarz hat eine bequeme Stellung - er hat Raumvorteil
am Damenflügel und eine gute Entwicklung, die weiße Dame steht nicht so gut
auf der c-Linie.} (13... cxd4 14. Qd3 $11) 14. Qd3 h6 15. Bxf6 (15. Be3) 15...
Bxf6 16. e3 Rc7 17. Qe2 $6 {Dieser Damezug erscheint mir etwas passiv - die
Alternative erscheint mir logischer.} (17. Ne4 $5) 17... Qc8 {[%cal Gc8c1]} 18.
Qb5 a6 19. Qf1 (19. Qa5 $4 Rc6 {[%csl Ra5][%cal Rf6d8,Rd8a5]} 20. dxc5 Bxb2 $19
) 19... a5 20. b3 $2 {Dieser Zug gefällt mir nicht - Weiß schwächt das c3-Feld
von selbst.} (20. Nb3 Bd5 21. Nfd2 (21. Nxa5 $4 Qa8 $19 {[%cal Ra8a5,Ra8f3]}))
20... Rd8 21. Qb5 Bc6 $6 (21... Qa8 $15) 22. Qe2 {In vorherigen Varianten
konnte Weiß nie Qxa5 spielen, aber hier geht das, obwohl dieser Zug sehr
riskant ist.} (22. Qxa5 $1 Qb8 (22... Qb7 23. Ne1 Bxg2 24. Nxg2 Ra8 25. Qb5
Qxb5 26. axb5 Rxa1 27. Rxa1 cxd4 28. Ne4 $13) 23. Qa6 $13) 22... Qb7 $15 {
[%csl Yc3][%cal Gb7h1] Schwarz hat eine ausgezeichnete Figurenkoordination und
das c3-Feld ist schwach in der weißen Stellung.} (22... Nb6 23. Rxc5 Bxf3 24.
Bxf3 Rxc5 25. dxc5 Bxa1 26. cxb6 Qc1+ 27. Nf1 Qc5 28. b7 $44 {[%csl Gb7]}) 23.
Nc4 Qa8 24. Ra2 {[%cal Ga2c2,Gc1c8] Weiß möchte auf der c-Linie die Türme
verdoppeln.} cxd4 25. exd4 Bd5 26. Rac2 Rdc8 (26... Be4) 27. Qd1 (27. Nfe5 Bxg2
28. Nxd7 Bxd4 (28... Rxd7 29. Nb6 Rxc2 30. Qxc2 Be4 31. Qe2 $13) 29. Ncb6 Bxb6
30. Nxb6 Rxc2 31. Rxc2 Rxc2 32. Qxc2 Qb7 $19) 27... Qa6 28. Nfe5 $6 $138 {
Weiß ist schon in Zeitnot, er hatte nur noch 3 Minuten Bedenkzeit.} (28. Bf1
Qa7 29. Be2 $15) 28... Bxe5 29. Bxd5 {Dieser Zug verliert eigentlich einen
Bauern, aber Weiß hat kein besseren Zug.} (29. dxe5 Bxc4 30. Qd6 (30. Rxc4 Rxc4
31. Rxc4 Nxe5 $17) 30... Qxd6 31. exd6 Rc5 32. Rxc4 Rxc4 33. Rxc4 Rxc4 34. bxc4
Nc5 $19 {[%csl Gb4,Gc5]}) 29... Bxg3 (29... Bf4 $6 30. gxf4 exd5 31. Ne5 Nxe5 (
31... Rc3 $2 32. Rxc3 bxc3 33. Nxd7 Qg6+ 34. Kh1 Qe4+ 35. f3 Qxf4 36. Rc2 $18)
32. Rxc7 Rxc7 33. Rxc7 Qg6+ $44) 30. hxg3 exd5 31. Ne3 Rxc2 32. Rxc2 Nf6 $17 {
Schwarz hat einen Bauern mehr, aber die technische Verwertung des Vorteils ist
noch nicht leicht, weil die schwarze Bauernmehrheit am Königsflügel schwer zu
mobilisieren ist.} 33. Rc5 Rxc5 34. dxc5 Qc6 35. Qd4 g6 {Schwarz verhindert
die Möglichkeit 36.Nf5.} (35... Kf8 36. Nf5 $15) 36. Qe5 Nd7 37. Qd6 $2 (37.
Qe8+ Kg7 38. Ng4 $15 (38. Nc2 Qxc5 39. Qxd7 Qxc2 40. Qxd5)) 37... Qxd6 38. cxd6
{[%mdl 4096]} Kf8 $19 {Das Springerendspiel ist gewonnen für Schwarz - der
schwarze König kontrolliert den weiße d-Bauern, der b3-Bauer ist schwach und
Schwarz kann am Königsflügel mit h5 und g5 einen ernfernten Freibauern bilden.}
39. Nxd5 Nc5 {[%csl Rb3][%cal Rc5b3]} 40. Kf1 Ke8 41. Nb6 Nxb3 42. Ke2 Nc5 43.
f3 h5 44. Ke3 b3 (44... b3 45. Kd2 g5 $19) 0-1